000 00979nam a2200253 i 4500
001 177548
003 ES-MaACL
005 20250717142011.0
007 t|
008 110401s1975 sp r ||||1| spa d
020 _a84-312-0192-4
080 _a94(460)"1936/1939"(093.3)
080 _a94(460.12)"1936/1939"
100 1 _aCabezas, Juan Antonio,
_d1900-1993
_933200
245 1 0 _aAsturias
_b: catorce meses de guerra civil /
_cJuan Antonio Cabezas.
260 _aMadrid :
_bG. del Toro,
_cD. L. 1975.
300 _a306 p. ;
_c21 cm.
490 1 _aMemorias de la guerra civil española 1936-39 ;
_v17
651 4 _aEspaña-
_xHistoria-
_y1936-1939, Guerra civil-
_vRelatos personales.
_98326
651 4 _aAsturias (Comunidad Autónoma)-
_xHistoria-
_y1936-1939.
_9143265
830 0 0 _aMemorias de la guerra civil española 1936-39
_v17
_9181851
852 _aES-MaACL
_jE-14762
_xOlim P-1031
_z.- Dedicatoria y firma autógrafa del autor
999 _c177548
_d177548